[Event "BCF-ch Major"]
[Site "Hull"]
[Date "2024.08.02"]
[Round "7"]
[White "Lewis, Christopher"]
[Black "Siddhartha, Shankar Srivastava"]
[Result "1-0"]
[WhiteElo "1885"]
[BlackElo "1595"]
[PlyCount "117"]
[EventDate "2024.07.27"]
[EventType "swiss"]
[EventRounds "9"]
[EventCountry "ENG"]
[SourceTitle "CBM 221 Extra"]
[Source "ChessBase"]
[SourceDate "2024.09.30"]
[SourceVersion "1"]
[SourceVersionDate "2024.09.30"]
[SourceQuality "1"]

1. e4 e5 2. Nf3 Nc6 3. Bb5 a6 4. Ba4 Nf6 5. 0-0 Be7 6. Re1 b5 7. Bb3 d6 8. c3 0-0 9. d3 Na5 10. Bc2 c5 11. d4 cxd4 12. cxd4 Bg4 13. d5 Qc7 14. Nbd2 Rac8 15. Bd3 Nc4 16. Nf1 Rfe8 17. h3 Bxf3 18. Qxf3 Nb6 19. Ng3 g6 20. Bh6 Nbd7 21. Rec1 Qb8 22. Nf5 Rxc1+ 23. Rxc1 Bf8 24. Bxf8 Kxf8 25. Ne3 Rc8 26. Rc6 Kg7 27. b4 Rxc6 28. dxc6 Nf8 29. Nd5 Nh5 30. g3 Ne6 31. Qe3 Nd4 32. Qc1 Qc8 33. c7 Qxh3 34. Qd1 Nxg3 35. fxg3 Qxg3+ 36. Kf1 Qh3+ 37. Ke1 Nf3+ 38. Qxf3 Qxf3 39. Kd2 Qh3 40. Nb6 h5 41. c8Q Qg2+ 42. Kc3 Qf2 43. Nd7 Qd4+ 44. Kc2 Qf2+ 45. Kb3 Kh6 46. Qf8+ Kg5 47. Qxd6 f6 48. Qxa6 h4 49. Qxf6+ Qxf6 50. Nxf6 h3 51. Nh7+ Kf4 52. Bf1 h2 53. Bg2 Kg3 54. Bh1 Kf2 55. a4 bxa4+ 56. Kxa4 Kg1 57. Bf3 h1Q 58. Bxh1 Kxh1 59. b5 1-0

[Event "BCF-ch Major"]
[Site "Hull"]
[Date "2024.07.29"]
[Round "3"]
[White "Lewis, Christopher"]
[Black "Borissow, Alastair"]
[Result "1-0"]
[WhiteElo "1885"]
[BlackElo "1532"]
[PlyCount "81"]
[EventDate "2024.07.27"]
[EventType "swiss"]
[EventRounds "9"]
[EventCountry "ENG"]
[SourceTitle "CBM 221 Extra"]
[Source "ChessBase"]
[SourceDate "2024.09.30"]
[SourceVersion "1"]
[SourceVersionDate "2024.09.30"]
[SourceQuality "1"]

1. e4 Nc6 2. d4 d5 3. e5 Bf5 4. c3 a6 5. Bd3 Bxd3 6. Qxd3 e6 7. Ne2 Be7 8. Qg3 g6 9. 0-0 Qd7 10. b4 f6 11. Re1 0-0-0 12. a4 fxe5 13. dxe5 Bxb4 14. cxb4 Nxb4 15. Qb3 Nc6 16. Bf4 Nge7 17. Nd2 d4 18. Rab1 b6 19. Rec1 Qd5 20. Qb2 g5 21. Bxg5 Rhg8 22. Nf4 Qxe5 23. Bxe7 Nxe7 24. Qxb6 Kd7 25. Qxe6+ Qxe6 26. Nxe6 Kxe6 27. Rxc7 Rc8 28. Re1+ Kd6 29. Rcxe7 Rc2 30. R7e6+ Kd7 31. Nb3 d3 32. R6e3 d2 33. Rd3+ Kc7 34. Rxd2 Rxd2 35. Nxd2 Rd8 36. Nb3 Rd3 37. Nc5 Rd6 38. Nxa6+ Rxa6 39. Re7+ Kb8 40. Rxh7 Rxa4 41. h4 1-0

[Event "English Online Blitz Gp2"]
[Site "Chess.com INT"]
[Date "2020.05.09"]
[Round "7"]
[White "Lewis, Christopher"]
[Black "Lazarevic, Ljubica"]
[Result "1/2-1/2"]
[WhiteElo "1834"]
[BlackElo "1480"]
[PlyCount "42"]
[EventDate "2020.05.09"]
[EventType "swiss (blitz)"]
[EventRounds "11"]
[EventCountry "ENG"]
[SourceTitle "CBM 196 Extra"]
[Source "ChessBase"]
[SourceDate "2020.07.31"]
[SourceVersion "1"]
[SourceVersionDate "2020.07.31"]
[SourceQuality "1"]

1. e4 e6 2. d4 d5 3. exd5 exd5 4. c4 c6 5. Nc3 Bd6 6. Be3 Nf6 7. c5 Bc7 8. b4 0-0 9. a3 Bf5 10. Bd3 Bxd3 11. Qxd3 Nbd7 12. Nge2 Re8 13. 0-0 Ne4 14. f3 Nxc3 15. Nxc3 Qh4 16. g3 Bxg3 17. hxg3 Qxg3+ 18. Kh1 Qh3+ 19. Kg1 Qg3+ 20. Kh1 Qh3+ 21. Kg1 Qg3+ 1/2-1/2

[Event "BCF-chT3N 1920 (4NCL)"]
[Site "England"]
[Date "2020.01.11"]
[Round "3.46"]
[White "Wilson, Jeff"]
[Black "Lewis, Christopher"]
[Result "0-1"]
[WhiteElo "1319"]
[BlackElo "1975"]
[PlyCount "54"]
[EventDate "2019.11.09"]
[EventType "team-swiss"]
[EventRounds "11"]
[EventCountry "ENG"]
[SourceTitle "EXT 2022"]
[Source "ChessBase"]
[SourceDate "2021.10.06"]
[SourceVersion "1"]
[SourceVersionDate "2021.10.06"]
[SourceQuality "1"]
[WhiteTeam "Manchester Manticores IV"]
[BlackTeam "Shropshire II"]
[WhiteTeamCountry "ENG"]
[BlackTeamCountry "ENG"]

1. e4 c6 2. d4 d5 3. Nd2 dxe4 4. Nxe4 Bf5 5. Ng3 Bg6 6. Nf3 Nd7 7. c3 Ngf6 8. Be2 e6 9. 0-0 Qc7 10. Re1 Be7 11. a4 0-0 12. Nh4 c5 13. Nxg6 hxg6 14. dxc5 Nxc5 15. b4 Nce4 16. Nxe4 Nxe4 17. Qb3 Qxc3 18. Qxc3 Nxc3 19. b5 Nxe2+ 20. Rxe2 Bf6 21. Bb2 Rfd8 22. Bxf6 gxf6 23. Kf1 Rac8 24. Ke1 Rd4 25. Kf1 Rcc4 26. Rea2 Kf8 27. Ke1 Ke7 0-1

[Event "BCF-chT3N 1920 (4NCL)"]
[Site "England"]
[Date "2019.11.10"]
[Round "2.31"]
[White "Lewis, Christopher"]
[Black "Rita, Joao Candido"]
[Result "0-1"]
[WhiteElo "1975"]
[BlackElo "1989"]
[PlyCount "44"]
[EventDate "2019.11.09"]
[EventType "team-swiss"]
[EventRounds "11"]
[EventCountry "ENG"]
[SourceTitle "EXT 2022"]
[Source "ChessBase"]
[SourceDate "2021.10.06"]
[SourceVersion "1"]
[SourceVersionDate "2021.10.06"]
[SourceQuality "1"]
[WhiteTeam "Shropshire II"]
[BlackTeam "3C's II"]
[WhiteTeamCountry "ENG"]
[BlackTeamCountry "ENG"]

1. e4 c6 2. d4 d5 3. Nc3 dxe4 4. Nxe4 Nf6 5. Ng3 g6 6. Be2 Bg7 7. Nf3 e5 8. c3 exd4 9. Nxd4 0-0 10. 0-0 c5 11. Nb5 Bd7 12. Be3 a6 13. Nd6 Qc7 14. Nde4 Bc6 15. Qc2 Nd5 16. Bxc5 Rd8 17. Qb3 Nd7 18. Bd6 Qc8 19. c4 Nf4 20. Bf3 Nf8 21. Ba3 Rd3 22. Qc2 Rxf3 0-1

[Event "BCF-chT3N 1819 (4NCL)"]
[Site "England"]
[Date "2019.02.10"]
[Round "6.24"]
[White "Thoday, Francis"]
[Black "Lewis, Christopher"]
[Result "1/2-1/2"]
[WhiteElo "1821"]
[BlackElo "1900"]
[PlyCount "72"]
[EventDate "2018.11.10"]
[EventType "team-swiss"]
[EventRounds "11"]
[EventCountry "ENG"]
[SourceTitle "EXT 2021"]
[Source "ChessBase"]
[SourceDate "2020.10.23"]
[SourceVersion "1"]
[SourceVersionDate "2020.10.23"]
[SourceQuality "1"]
[WhiteTeam "Manx Liberty II"]
[BlackTeam "Shropshire"]
[WhiteTeamCountry "ENG"]
[BlackTeamCountry "ENG"]

1. d4 d5 2. c4 c6 3. Nf3 Nf6 4. e3 e6 5. Nc3 Be7 6. Bd3 dxc4 7. Bxc4 0-0 8. 0-0 Nbd7 9. Re1 b5 10. Bd3 Bb7 11. b3 a6 12. Bb2 c5 13. Rc1 Qb6 14. Qe2 Rac8 15. dxc5 Nxc5 16. Bb1 b4 17. Nd1 Nce4 18. Ne5 Rxc1 19. Bxc1 Rd8 20. f3 Nd6 21. Kh1 Nb5 22. e4 Bc5 23. Nc4 Qa7 24. Be3 Bd4 25. Qf2 Ne8 26. Bxd4 Qxd4 27. Qxd4 Rxd4 28. Kg1 Ned6 29. Nde3 Nxc4 30. Nxc4 Nc3 31. Kf2 Rd1 32. Rxd1 Nxd1+ 33. Ke1 Nc3 34. Nd2 e5 35. Bd3 Nxa2 36. Nb1 Kf8 1/2-1/2

[Event "BCF-chT4S 1819 (4NCL)"]
[Site "England"]
[Date "2019.02.09"]
[Round "5.83"]
[White "Hughes, Anthony"]
[Black "Lewis, Christopher"]
[Result "1-0"]
[WhiteElo "1910"]
[BlackElo "1930"]
[PlyCount "73"]
[EventDate "2018.11.17"]
[EventType "team-swiss"]
[EventRounds "11"]
[EventCountry "ENG"]
[SourceTitle "EXT 2021"]
[Source "ChessBase"]
[SourceDate "2020.10.23"]
[SourceVersion "1"]
[SourceVersionDate "2020.10.23"]
[SourceQuality "1"]
[WhiteTeam "The Full Ponty"]
[BlackTeam "Shropshire III"]
[WhiteTeamCountry "WLS"]
[BlackTeamCountry "ENG"]

1. d4 d5 2. Nf3 Nf6 3. c4 c6 4. e3 e6 5. Nc3 Be7 6. b3 0-0 7. Bd3 b6 8. 0-0 Bb7 9. Bb2 Nbd7 10. Qe2 c5 11. cxd5 Nxd5 12. Rac1 Bf6 13. Nxd5 exd5 14. Rfd1 cxd4 15. Bxd4 Bxd4 16. Nxd4 Nc5 17. Bb1 Qf6 18. Qg4 Rac8 19. Qf5 Ne4 20. f3 Rxc1 21. Rxc1 Qxf5 22. Nxf5 Nc5 23. Rd1 Rd8 24. Kf2 g6 25. Nd4 Kf8 26. g4 Ke7 27. h4 Rc8 28. h5 Nd7 29. hxg6 hxg6 30. Rh1 Ba6 31. Rd1 Ne5 32. Kg3 Rc3 33. Kf4 Kd6 34. e4 Nd3+ 35. Bxd3 Bxd3 36. exd5 Kxd5 37. Ne2 1-0

[Event "Midland-ch"]
[Site "Telford"]
[Date "2018.08.12"]
[Round "4"]
[White "Modi, Kishan Jagdish"]
[Black "Lewis, Christopher"]
[Result "1-0"]
[WhiteElo "1938"]
[BlackElo "1875"]
[PlyCount "53"]
[EventDate "2018.08.10"]
[EventType "swiss"]
[EventRounds "5"]
[EventCountry "ENG"]
[SourceTitle "EXT 2019"]
[Source "ChessBase"]
[SourceDate "2018.10.10"]
[SourceVersion "1"]
[SourceVersionDate "2018.10.10"]
[SourceQuality "1"]

1. e4 c6 2. d4 d5 3. e5 c5 4. dxc5 Nc6 5. a3 Nxe5 6. b4 e6 7. Bb2 Ng6 8. c4 Nf6 9. cxd5 Qxd5 10. Nc3 Qxd1+ 11. Rxd1 Bd7 12. Nb5 Bxb5 13. Bxb5+ Ke7 14. Ne2 Nh4 15. 0-0 g5 16. Bxf6+ Kxf6 17. Rd7 Rb8 18. Ng3 Kg6 19. f4 g4 20. f5+ Nxf5 21. Nxf5 exf5 22. Bd3 a5 23. Rxf5 axb4 24. Rfxf7+ Kh6 25. axb4 b6 26. Rf6+ Kg5 27. Re6 1-0

[Event "West Bromwich Midland op-B"]
[Site "West Bromwich"]
[Date "2017.08.12"]
[Round "3"]
[White "Mathurin, Anthony"]
[Black "Lewis, Christopher"]
[Result "0-1"]
[WhiteElo "1587"]
[BlackElo "1819"]
[PlyCount "60"]
[EventDate "2017.08.11"]
[EventType "swiss"]
[EventRounds "5"]
[EventCountry "ENG"]
[SourceTitle "CBM 180 Extra"]
[Source "ChessBase"]
[SourceDate "2017.10.06"]
[SourceVersion "1"]
[SourceVersionDate "2017.10.06"]
[SourceQuality "1"]

1. e4 c6 2. d4 d5 3. exd5 cxd5 4. Bd3 Nf6 5. h3 Nc6 6. c3 e6 7. Nf3 Bd6 8. 0-0 a6 9. a4 Qc7 10. Re1 Bd7 11. Qe2 0-0 12. Ne5 Rfc8 13. Nd2 Na7 14. Ndf3 b5 15. Nxd7 Qxd7 16. Ne5 Qb7 17. Bg5 Ne8 18. Qh5 g6 19. Qg4 Bxe5 20. dxe5 bxa4 21. Rxa4 Qxb2 22. Qh4 Qxc3 23. Re3 Qc1+ 24. Kh2 Qd1 25. Rf3 Nc6 26. Bf6 d4 27. Qh6 Qxa4 28. Bxg6 fxg6 29. Bd8 Ng7 30. Bf6 Ra7 0-1